000 02448nam0a2200457 4500
001 RU\NLR\BIBL_A\022159246
005 20260527075753.0
010 _a978-5-17-159324-7
_91500
021 _aRU
_bКН-П-24-005038
_9КН-П-24-0533
035 _a(NLR Aleph) 022159246
090 _a12916628
_c12916628
100 _a20240306d2024 u y0rusy50 ca
101 1 _arus
_clat
102 _aRU
105 _ay z 000zd
181 0 _ai4
_baxxe
182 0 _an
200 1 _aЖизнь двенадцати цезарей
_fГай Светоний Транквилл
_gперевод с латинского: М. Гаспаров
203 _aТекст
_bвизуальный
_cнепосредственный
210 _aМосква
_cАСТ
_cОГИЗ
_d2024 (печ. 2023)
215 _a319 с.
_d22
225 1 _aВся история в одном томе
320 _aБиблиогр. в предисл. и в послесл.
333 _a12+
604 _1700#1$aСветоний$bГ.Т.$gГай Транквилл$fок. 70 - ок. 140
_1500##$a"Жизнь двенадцати цезарей"$2nlr_sh2$3RU\NLR\AUTH\661474583$3RU\NLR\AUTH\661474583
606 1 _aИмператоры римские
_jИсточники и источниковедение
_3RU\NLR\AUTH\661344368
686 1 _aТ3(0)323.4,012
686 1 _aТ3(0)323.4-8,01
686 1 _aШ5(0)353.2-4Светоний
700 1 _aСветоний
_bГ. Т.
_fок.70-ок.140
_gГай Транквилл
_8rus
_3RU\NLR\AUTH\775236
_7ca
702 1 _aГаспаров
_bМ. Л.
_f1935-2005
_gМихаил Леонович
_8rus
_3RU\NLR\AUTH\775188
_4730
_7ca
856 4 _lSV_MBA
_tVIEW
_uhttps://webservices.nlr.ru/viewer/file?name=p022159246_002.jpg
_x001
_yСтраница
856 4 _lSV_MBA
_tVIEW
_uhttps://webservices.nlr.ru/viewer/file?name=p022159246_003.jpg
_x002
_yСтраница
856 4 _lSV_MBA
_tVIEW
_uhttps://webservices.nlr.ru/viewer/file?name=p022159246_004.jpg
_x003
_yСтраница
856 4 _lSV_MBA
_tVIEW
_uhttps://webservices.nlr.ru/viewer/file?name=p022159246_005.jpg
_x004
_yСтраница
856 4 _lSV_MBA
_tVIEW
_uhttps://webservices.nlr.ru/viewer/file?name=p022159246_006.jpg
_x005
_yСтраница
856 4 1 _lSV_MBA
_tVIEW
_uhttps://webservices.nlr.ru/viewer/file?name=t022159246_001.jpg
_yОбложка
942 _cBOOK
980 _aNB